Stavebný zákon (s komentárom) platný od 1. apríla 2025: a iné dôležité predpisy súvisiace so zmenami vyvolanými novým Stavebným zákonom /

Gespeichert in:
Bibliographische Detailangaben
Weitere Verfasser: Lúčanský, Otto (Zusammenstellung), Korec, Štefan (Zusammenstellung)
Format: Buch
Sprache:Slowakisch
Veröffentlicht: Bratislava: NOVÁ PRÁCA, 2025
Schlagworte:
Tags: Tag hinzufügen
Keine Tags, Fügen Sie das erste Tag hinzu!

MARC

LEADER 00000nam a22000003a 4500
001 0115088
003 SK-STU
005 20250423144902.0
007 ta
008 250423s ----xo-----e------000-0-----d
020 |a 978-80-8270-012-4 
040 |a STU  |b slo 
041 0 |a slo  |h slo 
044 |a xo 
100 1 |a Lúčanský, Otto  |4 com 
245 1 0 |a Stavebný zákon (s komentárom) platný od 1. apríla 2025:  |b a iné dôležité predpisy súvisiace so zmenami vyvolanými novým Stavebným zákonom /  |c zost. Otto Lúčanský ; zost. Štefan Korec 
260 |a Bratislava:  |b NOVÁ PRÁCA,  |c 2025 
300 |a 764 s. 
650 0 7 |a stavebný zákon 
700 1 |a Korec, Štefan  |4 com 
996 |b 284V038223  |c V* 53706/O-24799  |l VVT  |s P  |a 0  |w 0115088_0001 
996 |b 284V038225  |c V* 53707/O-24799  |l VVS  |s A  |a 24  |w 0115088_0002 
996 |c V* 53761/O-24831  |l VV4  |s P  |a 0  |w 0115088_0003